[Event "Titled Tue 17th Jun Early"]
[Site "chess.com INT"]
[Date "2025.06.17"]
[Round "4"]
[White "Odegov, Artem"]
[Black "Mostbauer, Maximilian"]
[Result "1-0"]
[WhiteTitle "FM"]
[BlackTitle "CM"]
[WhiteElo "2244"]
[BlackElo "2202"]
[WhiteFideId "34183644"]
[BlackFideId "1626680"]
[EventDate "2025.06.17"]

1. d4 e6 2. c4 b6 3. Nf3 Bb7 4. g3 Nf6 5. Bg2 g6 6. Nc3 Bg7 7. d5 O-O 8. O-O
exd5 9. cxd5 d6 10. e4 Re8 11. Nd4 Nbd7 12. Re1 Nc5 13. b4 Ncd7 14. Bb2 a5 15.
a3 Ne5 16. Qe2 Ba6 17. b5 Bb7 18. Nc6 Bxc6 19. bxc6 g5 20. f4 gxf4 21. gxf4 Ng6
22. Rf1 Kh8 23. Rae1 Rg8 24. Kh1 Qe7 25. e5 Ne8 26. Nb5 Rd8 27. exd6 Qxe2 28.
Bxg7+ Kxg7 29. Rxe2 cxd6 30. Bh3 Nf6 31. c7 Rc8 32. Bxc8 Rxc8 33. Rd2 Ne7 34.
Rg1+ Kf8 35. Rgd1 Ne4 36. Re2 f5 37. Rg1 Ng6 38. Rxe4 fxe4 39. Rc1 Ne7 40. Na7
Ra8 41. c8=Q+ Nxc8 42. Nxc8 b5 43. Nxd6 Rd8 44. Nxb5 Rxd5 45. Nc3 Rd3 46. Nxe4
Rxa3 47. Rc7 Ra4 48. Ng5 h6 49. Ne6+ Ke8 50. f5 Re4 51. Kg2 a4 52. Kf3 Re5 53.
Kf4 Re1 54. Ra7 a3 55. Rxa3 Kf7 56. Ra6 h5 57. Ng5+ Kg7 58. Ra7+ Kg8 59. f6 h4
60. Ra8+ 1-0

[Event "Titled Tue 17th Jun Early"]
[Site "chess.com INT"]
[Date "2025.06.17"]
[Round "4"]
[White "Materia, Marco"]
[Black "Shandrygin, Nikita"]
[Result "0-1"]
[WhiteTitle "IM"]
[BlackTitle "FM"]
[WhiteElo "2489"]
[BlackElo "2209"]
[WhiteFideId "45150451"]
[BlackFideId "24198668"]
[EventDate "2025.06.17"]

1. Nf3 d5 2. b3 c5 3. e3 a6 4. Bb2 Nc6 5. d4 Nf6 6. Nbd2 Bg4 7. h3 Bh5 8. a3 e6
9. Bd3 cxd4 10. exd4 Be7 11. O-O O-O 12. Re1 Rc8 13. Nf1 Bg6 14. Ng3 Bd6 15. Ne5
Bxe5 16. dxe5 Nd7 17. Bxg6 hxg6 18. Qg4 Ne7 19. Re2 Nf5 20. Nf1 Qh4 21. Rd1 Nc5
22. f3 Rc6 23. g3 Qe7 24. a4 Rfc8 25. Ba3 Qc7 26. Qf4 Nd7 27. Rdd2 f6 28. g4
fxe5 29. Qg5 Nd4 30. Rf2 Nf8 31. Bb2 Nxc2 32. Bxe5 Qf7 33. f4 Nd7 34. Bb2 Ne1
35. Ne3 Nf6 36. Bxf6 gxf6 37. Qh4 Rc1 38. Kh2 R8c3 39. Rde2 Kg7 40. g5 fxg5 41.
Qxg5 Qf6 42. Nxd5 Nf3+ 43. Rxf3 Qxg5 44. fxg5 Rxf3 45. Rxe6 Rc2+ 46. Kg1 Rd3 47.
Rxg6+ Kxg6 48. Nf4+ Kxg5 49. Nxd3 Rc3 50. Ne5 Rxb3 51. Kg2 Kf4 52. Ng6+ Kg5 53.
Ne5 Ra3 54. Nf7+ Kf6 55. Nd6 b6 56. Nc4 Rb3 57. h4 Rb4 58. Ne3 Rxa4 59. Nd5+ Ke5
60. Nxb6 Rxh4 61. Kf3 Rb4 62. Nd7+ Kd4 63. Ke2 a5 64. Kd2 a4 65. Kc2 a3 66. Nf8
a2 67. Ne6+ Kc4 0-1

[Event "Titled Tue 17th Jun Early"]
[Site "chess.com INT"]
[Date "2025.06.17"]
[Round "4"]
[White "Vasilenok, Anton"]
[Black "Craciun, Sasha-Matei"]
[Result "0-1"]
[WhiteTitle "CM"]
[BlackTitle "FM"]
[WhiteElo "2137"]
[BlackElo "2320"]
[WhiteFideId "34133124"]
[BlackFideId "1281186"]
[EventDate "2025.06.17"]

1. d4 Nf6 2. c4 e6 3. Nf3 b6 4. g3 Bb7 5. Bg2 Bb4+ 6. Bd2 a5 7. Nc3 O-O 8. Qc2
d6 9. O-O Nbd7 10. Rfe1 Bxc3 11. bxc3 Ne4 12. Ng5 d5 13. Nxe4 dxe4 14. Bxe4 Bxe4
15. Qxe4 c5 16. Rab1 Qf6 17. h4 h6 18. Qf4 Qe7 19. e4 cxd4 20. cxd4 Rac8 21.
Rec1 e5 22. Qe3 exd4 23. Qxd4 Ne5 24. Kg2 Rfd8 25. Qc3 Rd3 26. Qb2 Nxc4 27. Qb5
Qxe4+ 28. Kg1 Rxd2 29. Re1 Qc2 30. Rbc1 Qxa2 31. Re8+ Rxe8 32. Qxe8+ Kh7 33.
Qe4+ g6 34. Qf4 Kg8 35. Rxc4 Qb1+ 36. Kg2 Rd8 37. Rc7 Rf8 38. Qxh6 Qf5 39. Qc1
Qd5+ 40. Kh2 a4 41. Ra7 b5 42. Qf4 Qc5 43. Ra6 a3 44. g4 Qc8 45. Rxa3 b4 46.
Qxb4 Qc7+ 47. Rg3 Re8 48. h5 g5 49. Qd4 Re2 50. Kg2 Qc6+ 51. Kf1 Rc2 52. Qe3
Rc1+ 53. Ke2 Qc2+ 54. Kf3 Qc6+ 55. Ke2 Qb5+ 56. Kf3 Qd5+ 57. Ke2 Qd1# 0-1

[Event "Titled Tue 17th Jun Early"]
[Site "chess.com INT"]
[Date "2025.06.17"]
[Round "4"]
[White "Osiecki, Stanislaw"]
[Black "Murawski, Jan"]
[Result "1-0"]
[WhiteTitle "FM"]
[BlackTitle "CM"]
[WhiteElo "1944"]
[BlackElo "2164"]
[WhiteFideId "1102990"]
[BlackFideId "21009287"]
[EventDate "2025.06.17"]

1. e4 g6 2. d4 Bg7 3. Nc3 c5 4. dxc5 Bxc3+ 5. bxc3 Nf6 6. Bd3 Qa5 7. Bd2 Qxc5 8.
Nf3 d6 9. O-O O-O 10. Be3 Qh5 11. Nd4 Ng4 12. h3 Nxe3 13. Qxh5 gxh5 14. fxe3 Nc6
15. Nf5 Bxf5 16. Rxf5 Rac8 17. Rb1 Ne5 18. Rb3 Rc5 19. Rxb7 Rxc3 20. Rxa7 Nxd3
21. cxd3 Rxd3 22. Rxe7 Rxe3 23. Rg5+ Kh8 24. Rxh5 Ra3 25. Rd5 Rxa2 26. Rxd6 Kg7
27. Rdd7 Ra6 28. Kh2 Kg8 29. Kg3 Rg6+ 30. Kh2 Rf6 31. g4 Rg6 32. Kg3 h5 33. Kh4
hxg4 34. hxg4 Rh6+ 35. Kg5 Rg6+ 36. Kf5 Ra6 37. e5 Rg6 38. Kf4 Ra6 39. Ke4 Ra4+
40. Rd4 Ra6 41. g5 Rg6 42. Kf5 Ra6 43. Rd6 Ra1 44. Rd4 Rg1 45. Red7 Re8 46. Rd8
Rxd8 47. Rxd8+ Kg7 48. Rd4 Rf1+ 49. Rf4 Re1 50. Re4 Rf1+ 51. Rf4 Re1 52. Re4 Ra1
53. Rf4 Rb1 54. Re4 Kf8 55. Rg4 Rf1+ 56. Ke4 Kg7 57. Rf4 Re1+ 58. Kf5 Rb1 59.
Ra4 Rb6 60. Ra7 Rg6 61. Rb7 Re6 62. Rd7 Rg6 63. Rd6 Rxd6 64. exd6 Kf8 65. Kf6
Ke8 66. d7+ Kf8 67. d8=Q# 1-0

[Event "Titled Tue 17th Jun Early"]
[Site "chess.com INT"]
[Date "2025.06.17"]
[Round "4"]
[White "Kislinsky, Alexey"]
[Black "Durarbayli, Vasif"]
[Result "0-1"]
[WhiteTitle "GM"]
[BlackTitle "GM"]
[WhiteElo "2341"]
[BlackElo "2612"]
[WhiteFideId "14108801"]
[BlackFideId "13402935"]
[EventDate "2025.06.17"]

1. d4 Nf6 2. c4 e6 3. Nf3 b6 4. g3 Bb7 5. Bg2 Be7 6. O-O O-O 7. b3 c5 8. Bb2
cxd4 9. Nxd4 Bxg2 10. Kxg2 d5 11. cxd5 Qxd5+ 12. Nf3 Qb7 13. e3 Rd8 14. Qe2 Ne4
15. Kg1 Na6 16. Nc3 Nac5 17. Nxe4 Nxe4 18. Rfd1 h6 19. Rxd8+ Rxd8 20. Rd1 Rc8
21. h4 Bf6 22. Bxf6 Nxf6 23. Nd4 a6 24. Qf3 Qxf3 25. Nxf3 Kf8 26. Rd2 Ke7 27.
Nd4 Ne4 28. Rc2 Rxc2 29. Nxc2 Kd6 30. Kf1 Kc5 31. Ke1 g5 32. hxg5 hxg5 33. g4 a5
34. f3 Nc3 35. a3 a4 36. bxa4 Kc4 37. f4 Kd3 38. Nb4+ Kxe3 39. fxg5 Kf4 40. Nc6
Kxg5 41. a5 bxa5 42. Nxa5 Kxg4 43. Nc4 Kf4 44. Kd2 Na4 45. Kd3 e5 46. Nd6 f5 47.
Ke2 e4 48. Kf2 Ke5 49. Nc4+ Kd4 50. Nd6 f4 51. Nf5+ Ke5 52. Ne7 Nc3 53. Ng6+ Kf5
54. Ne7+ Kf6 55. Nc6 Ke6 56. Nd4+ Kd5 57. Nf5 Ke5 58. Ne7 f3 59. Nc6+ Kf4 60.
Nd4 e3+ 61. Kf1 Ke4 62. Nc2 Nb1 63. Ke1 Nd2 64. Kd1 f2 65. Nxe3 Kxe3 66. a4
f1=Q+ 67. Kc2 Qc4+ 68. Kb2 Qb3+ 69. Kc1 Qb1# 0-1

[Event "Titled Tue 17th Jun Early"]
[Site "chess.com INT"]
[Date "2025.06.17"]
[Round "4"]
[White "Petersen, Marcel"]
[Black "Rosen, Eric"]
[Result "0-1"]
[WhiteTitle "CM"]
[BlackTitle "IM"]
[WhiteElo "2236"]
[BlackElo "2377"]
[WhiteFideId "12935670"]
[BlackFideId "2032562"]
[EventDate "2025.06.17"]

1. e4 e6 2. d4 d5 3. Nd2 Nc6 4. Ngf3 Nf6 5. e5 Nd7 6. c3 f6 7. exf6 Qxf6 8. Bd3
Bd6 9. O-O e5 10. Re1 O-O 11. Qb3 Qf7 12. Bxh7+ Kh8 13. Rf1 e4 14. Bxe4 dxe4 15.
Qxf7 Rxf7 16. Nxe4 Nf6 17. Nxd6 cxd6 18. Bf4 Ne4 19. Bg3 Bf5 20. Rfe1 g5 21.
Rxe4 Bxe4 22. Nxg5 Re7 23. Bxd6 Ree8 24. h4 Bg6 25. g4 Rad8 26. Bg3 Re2 27. h5
Be8 28. b4 Kg8 29. Kf1 Re7 30. b5 Na5 31. Be5 Bxb5+ 32. Kg1 Nc4 33. Bf6 Rde8 34.
Bxe7 Rxe7 35. Rb1 a6 36. Nf3 Bc6 37. Ne5 Nxe5 38. dxe5 Rxe5 39. Rd1 Re4 40. f3
Re3 41. Kf2 Rxf3+ 42. Ke2 Rf4 43. Rd4 Rf7 44. Ke3 Kg7 45. g5 Rf3+ 46. Ke2 Rf5
47. g6 Rxh5 48. Rf4 Kxg6 49. Rg4+ Kf6 50. Rg8 Ra5 51. Kd3 Rxa2 52. Rf8+ Ke7 53.
Rh8 Kd6 54. Rh6+ Kc7 55. Rh7+ Kb6 56. Kd4 Rg2 57. Kc4 Rg4+ 58. Kb3 Rg5 59. Rh6
Rc5 60. Rf6 Rb5+ 61. Kc4 Rh5 62. Rg6 Rh4+ 63. Kb3 a5 64. Rf6 Ka6 65. Rf5 Rg4 66.
Rh5 Rg6 67. Rf5 b5 68. Rf8 Kb6 69. Rb8+ Kc5 70. Rh8 Rg5 71. Rh6 Bd5+ 72. c4
Bxc4+ 73. Ka3 Rg3+ 74. Kb2 Rg2+ 75. Kc3 b4# 0-1

[Event "Titled Tue 17th Jun Early"]
[Site "chess.com INT"]
[Date "2025.06.17"]
[Round "4"]
[White "Baturin-Vinogradov, Miroslav"]
[Black "Sahib, Singh"]
[Result "1-0"]
[WhiteTitle "CM"]
[BlackTitle "FM"]
[WhiteElo "2046"]
[BlackElo "2407"]
[WhiteFideId "55745741"]
[BlackFideId "25618342"]
[EventDate "2025.06.17"]

1. e4 c5 2. Nf3 e6 3. Nc3 Nc6 4. Bb5 Qc7 5. O-O Nf6 6. Re1 a6 7. Bxc6 dxc6 8. e5
Nd5 9. Ne4 b5 10. b3 Bb7 11. Bb2 O-O-O 12. Qe2 Be7 13. d3 h6 14. g3 g5 15. Nd6+
Bxd6 16. exd6 Qxd6 17. Bxh8 Rxh8 18. Qe5 Qxe5 19. Nxe5 Rf8 20. Re2 f6 21. Nf3 e5
22. Nd2 Kc7 23. Ne4 Kb6 24. a4 a5 25. Rae1 Bc8 26. f3 Rd8 27. Kg2 Rf8 28. Kf2
Ba6 29. Nd6 Kc7 30. Nf5 Nc3 31. Rd2 bxa4 32. bxa4 Bc8 33. Ne3 Be6 34. Nd1 Nxa4
35. c4 Nb6 36. Ra2 Rd8 37. Nb2 a4 38. Ke3 Ra8 39. Rea1 Rd8 40. Nxa4 Nxa4 41.
Rxa4 Bf5 42. Ra7+ Kd6 43. R1a3 Ke6 44. Rc7 Rd6 45. g4 Bg6 46. Rg7 Be8 47. Raa7
Bd7 48. Rh7 Rd4 49. Rxh6 Ke7 50. Rh7+ Ke6 51. h4 gxh4 52. Rxh4 Be8 53. Rhh7 Kd6
54. Rh8 Bd7 55. Rd8 Ke7 56. Rh8 Kd6 57. Rh6 Ke7 58. Rh7+ Kd6 59. Ra8 Ke6 60. Rf8 1-0

[Event "Titled Tue 17th Jun Early"]
[Site "chess.com INT"]
[Date "2025.06.17"]
[Round "4"]
[White "Aalto, Patrik"]
[Black "Matveeva, Olga"]
[Result "0-1"]
[WhiteTitle "FM"]
[BlackTitle "WIM"]
[WhiteElo "2316"]
[BlackElo "2177"]
[WhiteFideId "510726"]
[BlackFideId "24107018"]
[EventDate "2025.06.17"]

1. c4 e6 2. Nf3 d5 3. g3 Nf6 4. Bg2 dxc4 5. Qa4+ Bd7 6. Qxc4 c5 7. d3 Nc6 8. O-O
Be7 9. b3 O-O 10. Bb2 Rc8 11. Nbd2 a6 12. Rac1 b5 13. Qc2 Qb6 14. Rfd1 Rfd8 15.
Qb1 h6 16. Ne5 Nxe5 17. Bxe5 Bc6 18. Bb2 Bxg2 19. Kxg2 Qb7+ 20. Kg1 Nd5 21. Nf3
Bf6 22. Bxf6 Nxf6 23. Qb2 Rd7 24. d4 cxd4 25. Rxc8+ Qxc8 26. Rxd4 Rxd4 27. Qxd4
Nd5 28. Kg2 Qc2 29. e4 Nc3 30. e5 Nxa2 31. Qd8+ Kh7 32. Qd7 Qf5 33. Qd2 Qb1 34.
Qd7 Qxb3 35. Qxf7 Qd5 36. Kh3 Qc6 37. g4 Qe4 38. Kg3 Qg6 39. Qb7 Nb4 40. h4 Nd5
41. Qxa6 b4 42. h5 Qf7 43. Qc4 b3 44. Qe4+ Kh8 45. Nh4 Qf4+ 46. Qxf4 Nxf4 47.
Nf3 b2 48. Nd2 Ne2+ 49. Kf3 Nc3 50. Kf4 b1=Q 51. Nxb1 Nxb1 52. g5 hxg5+ 53. Kxg5
Nc3 54. f4 Ne4+ 55. Kg6 Ng3 56. h6 gxh6 57. Kxh6 Kg8 58. Kg6 Nf5 59. Kf6 Ng7 60.
Ke7 Kh7 61. Kf6 Kh6 62. f5 exf5 63. e6 f4 64. e7 f3 65. Kf7 f2 66. Kg8 f1=Q 67.
Kh8 Qf7 68. e8=Q Qxe8# 0-1

[Event "Titled Tue 17th Jun Early"]
[Site "chess.com INT"]
[Date "2025.06.17"]
[Round "4"]
[White "Karpenko, Anton"]
[Black "Kozak, Antoni"]
[Result "0-1"]
[WhiteTitle "CM"]
[WhiteElo "2219"]
[BlackElo "2426"]
[WhiteFideId "34374353"]
[BlackFideId "21832030"]
[EventDate "2025.06.17"]

1. e4 e5 2. Nf3 Nc6 3. Bc4 Bc5 4. O-O Nf6 5. d3 d6 6. c3 a6 7. Bb3 Ba7 8. Nbd2
Ne7 9. Re1 Ng6 10. d4 O-O 11. Nf1 Bg4 12. Be3 Nxe4 13. dxe5 Nc5 14. exd6 Nxb3
15. axb3 Bb8 16. h3 Bd7 17. dxc7 Qxc7 18. Qd2 a5 19. Rad1 Bc8 20. Qd4 Ra6 21.
Qc4 Rc6 22. Qe2 h6 23. Nd4 Rf6 24. Qc4 Qd7 25. Ne2 Qf5 26. Neg3 b5 27. Nxf5 bxc4
28. Nd4 cxb3 29. Nxb3 Bc7 30. Nc5 Rc6 31. Nd7 Bxd7 32. Rxd7 Rb8 33. Re2 Ne5 34.
Rd1 Nc4 35. Bd4 Rxb2 36. Rxb2 Nxb2 37. Re1 a4 38. Ra1 Ra6 39. Ne3 Bd6 40. c4 Nd3
41. Nc2 Bc5 42. Bxc5 Nxc5 43. Na3 Ra8 44. Nb5 g5 45. Kf1 Kg7 46. Ke2 Kf6 47. Ke3
Rd8 48. Ra3 Rd1 49. Nc3 Rd3+ 50. Ke2 Kg6 51. Nb5 Rxa3 52. Nxa3 Kf5 53. Ke3 Ke5
54. g3 f5 55. f4+ gxf4+ 56. gxf4+ Kf6 57. Kd4 Ne6+ 58. Ke3 Kg6 59. Nb5 Kh5 60.
Kf3 Kh4 61. Nc3 Kxh3 62. Nxa4 h5 63. c5 h4 64. c6 Nd4+ 65. Ke3 Nxc6 66. Nc5 Kg4
67. Nd3 h3 68. Nf2+ Kg3 69. Nxh3 Kxh3 70. Kd3 Kg4 71. Kc4 Ne7 72. Kd4 Ng6 73.
Kd5 Nxf4+ 74. Ke5 Nh5 75. Ke6 f4 76. Kf7 f3 77. Kg6 Ng3 78. Kh7 Kf4 0-1

[Event "Titled Tue 17th Jun Early"]
[Site "chess.com INT"]
[Date "2025.06.17"]
[Round "4"]
[White "Cuellar Montes, Alejandro"]
[Black "Souleidis, Georgios"]
[Result "1/2-1/2"]
[WhiteTitle "CM"]
[BlackTitle "IM"]
[WhiteElo "2173"]
[BlackElo "2418"]
[WhiteFideId "32096836"]
[BlackFideId "4206827"]
[EventDate "2025.06.17"]

1. d4 Nf6 2. c4 g6 3. Nc3 Bg7 4. e4 d6 5. f4 Bg4 6. Nf3 O-O 7. Bd3 Nc6 8. Be3
Nd7 9. d5 Nd4 10. Be2 Nxe2 11. Qxe2 Nc5 12. Bxc5 dxc5 13. e5 e6 14. Rd1 exd5 15.
cxd5 g5 16. O-O gxf4 17. Qe4 Qe7 18. Rde1 Rae8 19. Qxf4 Bxf3 20. Qxf3 Bxe5 21.
Kh1 f5 22. Qh5 Qf7 23. Qh3 Bg7 24. Rxe8 Rxe8 25. Qf3 b6 26. h3 Rf8 27. Nb5 a6
28. Na7 Kh8 29. Nc6 Bxb2 30. Qf4 Bg7 31. Ne5 Bxe5 32. Qxe5+ Qg7 33. Qf4 Rg8 34.
Rf2 Rf8 35. Rf3 b5 36. Kh2 Re8 37. Re3 Rxe3 38. Qxe3 Qf6 39. Qe8+ Kg7 40. Qd7+
Qf7 41. Qd8 Kg6 42. Qh4 c4 43. Qg3+ Kf6 44. Qh4+ Kg7 45. Qg5+ Qg6 46. Qe7+ Qf7
47. Qg5+ Kf8 48. Qd8+ Qe8 49. Qf6+ Kg8 50. Qg5+ Qg6 51. Qd8+ Kg7 52. Qxc7+ Kh6
53. Qf4+ Qg5 54. Qd6+ Kg7 55. Qd7+ Kf8 56. Qc8+ Kf7 57. Qd7+ Kg6 58. Qe8+ Kh6
59. Qf8+ Kh5 60. Qf7+ Qg6 61. Qe7 f4 62. Qe2+ Kh6 63. Qf3 Qg3+ 64. Qxg3 fxg3+
65. Kxg3 c3 66. d6 c2 67. d7 c1=Q 68. d8=Q Qe3+ 69. Kh2 Qe5+ 70. Kg1 Qe1+ 71.
Kh2 Qe5+ 72. Kh1 Qe1+ 73. Kh2 Qe5+ 1/2-1/2

[Event "Titled Tue 17th Jun Early"]
[Site "chess.com INT"]
[Date "2025.06.17"]
[Round "4"]
[White "Novosel, Lovro"]
[Black "Grover, Sahaj"]
[Result "1/2-1/2"]
[WhiteTitle "FM"]
[BlackTitle "GM"]
[WhiteElo "2338"]
[BlackElo "2465"]
[WhiteFideId "14547120"]
[BlackFideId "5021103"]
[EventDate "2025.06.17"]

1. d4 Nf6 2. Nf3 g6 3. g3 Bg7 4. Bg2 O-O 5. O-O d5 6. c4 dxc4 7. Na3 a5 8. Nxc4
a4 9. Bg5 Nc6 10. e3 Be6 11. Qe2 Ne4 12. h4 Bd5 13. Rfc1 Qd7 14. Bf4 f6 15. Rd1
h6 16. Nfd2 Nxd2 17. Bxd5+ Qxd5 18. Nxd2 g5 19. hxg5 hxg5 20. Bxc7 Kf7 21. Qc4
Qxc4 22. Nxc4 Rac8 23. Bb6 Nb4 24. b3 Nxa2 25. Rxa2 axb3 26. Rb2 Rxc4 27. Rxb3
Rfc8 28. Bc5 Rc7 29. Rdb1 Kg6 30. Rxb7 Rxb7 31. Rxb7 e5 32. g4 Ra4 33. Kg2 exd4
34. Bxd4 Ra8 35. Kg3 Bf8 36. Rb6 Be7 37. f4 gxf4+ 38. exf4 Ra3+ 39. Kh4 Rd3 40.
f5+ Kf7 41. Bf2 Rf3 42. Bd4 Rd3 43. Bb2 Rf3 44. Rb7 Kf8 45. Bd4 Rd3 46. Bf2 Rd2
47. Be1 Re2 48. Bb4 Bxb4 49. Rxb4 Kg7 50. Rb7+ Kf8 51. Rb6 Kf7 52. Kg3 Re4 53.
Rb7+ Kg8 54. Kh4 Ra4 55. Kh5 Re4 56. Kg6 Rxg4+ 57. Kxf6 Rf4 58. Rb8+ Kh7 59. Ke6
Kg7 60. Rb7+ Kf8 61. Kf6 Kg8 62. Rb8+ Kh7 63. Re8 Rf1 64. Ke6 Kg7 65. Re7+ Kf8
66. Rf7+ Kg8 67. Ra7 Kf8 68. f6 Re1+ 69. Kf5 Rf1+ 70. Kg6 Rg1+ 71. Kf5 Rf1+ 72.
Kg6 Rg1+ 73. Kf5 Rf1+ 1/2-1/2

[Event "Titled Tue 17th Jun Early"]
[Site "chess.com INT"]
[Date "2025.06.17"]
[Round "4"]
[White "Kshatriya, Nitin Vekhande"]
[Black "Oparin, Grigoriy"]
[Result "0-1"]
[WhiteTitle "FM"]
[BlackTitle "GM"]
[WhiteElo "2255"]
[BlackElo "2660"]
[WhiteFideId "45075530"]
[BlackFideId "24125890"]
[EventDate "2025.06.17"]

1. e4 c5 2. Nf3 Nc6 3. Bb5 e6 4. O-O Nge7 5. Re1 b6 6. c3 a6 7. Bf1 d5 8. e5 d4
9. d3 Bb7 10. c4 Ng6 11. g3 Ra7 12. Bg2 Qa8 13. Bf4 Be7 14. b3 O-O 15. Qe2 Ncxe5
16. Bxe5 Nxe5 17. Nxe5 Bxg2 18. f3 Bh3 19. Qe4 Bd6 20. Qxa8 Rfxa8 21. f4 Bf5 22.
Rd1 h5 23. Nf3 b5 24. Kf2 Rb7 25. Ke2 f6 26. Nbd2 Be7 27. Rab1 Rab8 28. Nh4 Bh7
29. Nhf3 Kf7 30. Rbc1 Bf5 31. Ne4 b4 32. Kf2 a5 33. Rb1 a4 34. bxa4 Ra7 35. Nfd2
Rxa4 36. Rb2 Rba8 37. Ra1 Ra3 38. Nb3 Rc8 39. Ke2 g5 40. fxg5 Bg4+ 41. Kd2 f5
42. Rf1 Kg6 43. Nf6 Rca8 44. Ra1 Kxg5 45. Nd7 Rc8 46. Ne5 Kf6 47. Re1 Bd6 48.
Nd7+ Ke7 49. Nb6 Rc6 50. Nd5+ Kf7 51. Nf4 Be7 52. Kc2 Bf6 53. Ng2 e5 54. Nd2
Rca6 55. Kb1 Rxd3 56. Nb3 Rc6 57. Kc2 Rc3+ 58. Kd2 Bg5+ 59. Nf4 exf4 60. gxf4
Bxf4+ 61. Re3 Bxe3+ 62. Ke1 Rxc4 63. Kf1 Rc3 64. Kg2 h4 65. h3 Bh5 66. Na5 Rg6+
67. Kh2 Bf3 68. Nc6 Bg1# 0-1

[Event "Titled Tue 17th Jun Early"]
[Site "chess.com INT"]
[Date "2025.06.17"]
[Round "4"]
[White "Drozdowski, Kacper"]
[Black "Dominguez Exposito, Ibon"]
[Result "1/2-1/2"]
[WhiteTitle "IM"]
[BlackTitle "CM"]
[WhiteElo "2450"]
[BlackElo "2201"]
[WhiteFideId "1136720"]
[BlackFideId "54589452"]
[EventDate "2025.06.17"]

1. e4 e6 2. d4 d5 3. Nc3 dxe4 4. Nxe4 Nd7 5. Nf3 Ngf6 6. Bd3 Nxe4 7. Bxe4 Nf6 8.
Bd3 c5 9. dxc5 Bxc5 10. Qe2 O-O 11. Bd2 Qb6 12. b3 Bd7 13. O-O Bc6 14. Ne5 Rac8
15. Rad1 Rfd8 16. Nxc6 Qxc6 17. c4 b6 18. Bb1 Be7 19. h3 Qc7 20. Rfe1 Rd7 21.
Bc3 Rcd8 22. Rxd7 Rxd7 23. Rd1 Qd8 24. Rxd7 Qxd7 25. Kf1 Bc5 26. Qf3 h6 27. Ke2
Ne8 28. Qe4 f5 29. Qe5 Be7 30. Qb8 Kf7 31. Qf4 Bf6 32. Be1 g5 33. Qf3 Kg7 34. g4
Nd6 35. Qd3 Qc7 36. f3 Kf8 37. Bb4 Be7 38. Bc3 Nf7 39. gxf5 Qh2+ 40. Kd1 exf5
41. Qxf5 Qg1+ 42. Kc2 Qf2+ 43. Bd2 Bb4 44. Qd5 Bxd2 45. Qxd2 Qxf3 46. Qd3 Qc6
47. Kc3 Ke7 48. b4 Qf6+ 49. Kb3 Ne5 50. Qh7+ Kd6 51. Qe4 Qf3+ 52. Qxf3 Nxf3 53.
Kc3 h5 54. Be4 Ne5 55. Kd4 g4 56. c5+ bxc5+ 57. bxc5+ Ke6 58. h4 g3 59. Ke3 Ng4+
60. Kf4 Nf2 61. Bf3 Nd3+ 62. Kxg3 Nxc5 63. Bxh5 Kf6 64. Bg4 Na4 65. a3 Nc3 66.
Bf3 Nb5 67. a4 Nc3 68. a5 Na4 69. Kf4 Nc5 70. Ke3 Nb3 71. a6 Nc5 72. Bb7 Nxa6
73. Bxa6 Kg6 74. Kd4 Kh7 75. Kc5 Kg7 76. Kc6 Kh8 77. Kb7 Kg7 78. Kxa7 Kh8 79.
Ka8 Kg7 80. Ka7 Kh8 81. Ka8 Kg7 82. Ka7 1/2-1/2

[Event "Titled Tue 17th Jun Early"]
[Site "chess.com INT"]
[Date "2025.06.17"]
[Round "4"]
[White "Salimova, Asal"]
[Black "Cornelisse, Lorelei"]
[Result "1-0"]
[WhiteTitle "WCM"]
[BlackTitle "WFM"]
[WhiteElo "2063"]
[BlackElo "2138"]
[WhiteFideId "14204940"]
[BlackFideId "1087177"]
[EventDate "2025.06.17"]

1. d4 f5 2. Bg5 h6 3. Bh4 g5 4. e3 Bg7 5. Bg3 c5 6. Bc4 d5 7. Be2 cxd4 8. Bxb8
Rxb8 9. exd4 Qb6 10. Nc3 Qxb2 11. Nxd5 Qxd4 12. Qxd4 Bxd4 13. Rd1 Be5 14. Nf3
Bd6 15. O-O Kf7 16. Nd4 Nf6 17. Nxf6 Kxf6 18. Nb5 Rd8 19. Nxa7 Ra8 20. Nxc8
Rdxc8 21. Bf3 Rxa2 22. Bxb7 Rcxc2 23. Rc1 Rcb2 24. Bd5 Ra5 25. Bf3 g4 26. Bc6
Bc5 27. Rcd1 Raa2 28. Kh1 Rxf2 29. Rxf2 Rxf2 30. Bd7 Bd6 31. Bc8 h5 32. Re1 Be5
33. Bb7 h4 34. Bc6 h3 35. g3 Bc3 36. Rd1 e5 37. Bd7 f4 38. gxf4 exf4 39. Bxg4
Bd2 40. Bxh3 f3 41. Bg4 Kg5 42. Bxf3 Bf4 43. Bg2 Ra2 44. Kg1 Be3+ 45. Kh1 Bf4
46. Rg1 Kh4 47. Rf1 Ra4 48. Rd1 Rb4 49. Re1 Kg5 50. Rf1 Rb8 51. Rd1 Rh8 52. h3
Re8 53. Rd5+ Kh4 54. Rd1 Kg3 55. Rd3+ Be3 56. Rd1 Rf8 57. Re1 Bf2 58. Rd1 Re8
59. Rd3+ Be3 60. Rd1 Kf2 61. Rf1+ Ke2 62. Ra1 Rg8 63. Rb1 Kf2 64. Rb2+ Kg3 65.
Re2 Rd8 66. Rxe3+ Kf2 67. Rf3+ Ke2 68. Rf1 Rg8 69. Kh2 Rf8 70. Rxf8 1-0

[Event "Titled Tue 17th Jun Early"]
[Site "chess.com INT"]
[Date "2025.06.17"]
[Round "4"]
[White "Filev, Georgi"]
[Black "Haszon, David"]
[Result "1-0"]
[WhiteTitle "FM"]
[BlackTitle "FM"]
[WhiteElo "2189"]
[BlackElo "2264"]
[WhiteFideId "2907500"]
[BlackFideId "733610"]
[EventDate "2025.06.17"]

1. e4 c5 2. Nf3 e6 3. d4 cxd4 4. Nxd4 Nf6 5. Nc3 Nc6 6. Ndb5 Bb4 7. a3 Bxc3+ 8.
Nxc3 d5 9. exd5 exd5 10. Bd3 O-O 11. O-O d4 12. Ne2 Bg4 13. f3 Bh5 14. Nf4 Bg6
15. Nxg6 hxg6 16. f4 Ne7 17. Qf3 b6 18. Bd2 Rc8 19. Rae1 Nf5 20. Re5 Rc5 21. Bb4
Rxe5 22. fxe5 Nd7 23. Bxf5 gxf5 24. Bxf8 Qxf8 25. Qxf5 Qe7 26. Re1 Nf8 27. Qc8
Kh7 28. Re4 Ne6 29. Qc4 Qg5 30. Qf1 Qg6 31. Re2 Kg8 32. Qf3 Qg5 33. Qa8+ Kh7 34.
Qe4+ Kg8 35. Re1 Qd2 36. Qe2 Qg5 37. g3 Qf5 38. Qf2 Qg6 39. Rf1 Qh5 40. Qf5 g5
41. Kg2 Ng7 42. Qf6 Qe2+ 43. Rf2 Qe4+ 44. Qf3 Qg6 45. h3 Ne6 46. Qf5 Qg7 47. Kh2
a5 48. h4 a4 49. Qf6 Qh7 50. Kg2 gxh4 51. Qxh4 Qg7 52. Qf6 Qh7 53. Qf5 Qg7 54.
Rf1 b5 55. b3 axb3 56. cxb3 Qf8 57. a4 bxa4 58. bxa4 Qa8+ 59. Kh3 Qb7 60. a5 Ng7
61. Qf3 Qd7+ 62. Kg2 Ne6 63. a6 Ng5 64. Qb7 Qg4 65. a7 Qe2+ 66. Rf2 Qh5 67.
a8=Q+ Kg7 68. Qac8 Qh3+ 69. Qxh3 Nxh3 70. Qxf7+ Kh6 71. Rf6+ Kg5 72. Rg6+ 1-0

[Event "Titled Tue 17th Jun Early"]
[Site "chess.com INT"]
[Date "2025.06.17"]
[Round "4"]
[White "Fedorov, Artem Alek"]
[Black "Barseghyan, Armen Ar."]
[Result "0-1"]
[WhiteTitle "CM"]
[BlackTitle "IM"]
[WhiteElo "2157"]
[BlackElo "2348"]
[WhiteFideId "34418431"]
[BlackFideId "13306707"]
[EventDate "2025.06.17"]

1. e4 c5 2. Nf3 Nc6 3. Bb5 g6 4. Bxc6 bxc6 5. O-O Bg7 6. Re1 Qc7 7. c3 d6 8. d4
cxd4 9. cxd4 Nf6 10. e5 dxe5 11. Nxe5 O-O 12. Bf4 Qb6 13. Nc4 Qb4 14. Nbd2 Nd5
15. Be5 Bf5 16. Rc1 Rac8 17. Nb3 Rfd8 18. Nc5 Nb6 19. a3 Qb5 20. a4 Qb4 21. Na6
Qxa4 22. Qxa4 Nxa4 23. Bxg7 Kxg7 24. Rxe7 Rxd4 25. h3 Bd3 26. b3 Nb6 27. Rxa7
Nxc4 28. bxc4 Rxc4 29. Rd1 Bf5 30. g4 Be6 31. Nc7 Kf6 32. Nxe6 fxe6 33. Rdd7 h5
34. gxh5 gxh5 35. Rh7 h4 36. Rh6+ Kf5 37. Rf7+ Ke5 38. Re7 Rg8+ 39. Kf1 Rc1+ 40.
Ke2 Rc2+ 41. Ke3 Rc3+ 42. Ke2 Rxh3 43. Rexe6+ Kf5 44. Rxc6 Kg5 45. Rhd6 Ra3 46.
Rd5+ Kg4 47. Rc4+ Kh3 48. Rh5 Rg4 49. Rxg4 Kxg4 50. Rh8 Ra2+ 51. Kf1 h3 52. Kg1
Rb2 53. Rg8+ Kh4 54. Rh8+ Kg4 55. Rg8+ Kf4 56. Rf8+ Ke4 57. Kh2 Rb3 58. Re8+ Kf3
59. Rf8+ Ke2 60. f4 Rf3 61. f5 Kf2 62. f6 Rf4 63. Kxh3 Kf3 64. f7 Kf2 65. Rg8
Rxf7 66. Rg3 Rh7+ 67. Kg4 Rg7+ 68. Kf4 Rxg3 69. Ke4 Ra3 70. Kd4 Ra4+ 71. Ke5 Ke3
72. Kd6 0-1